000 00797cam a22002533a 4500
001 18027
003 PGUSA
005 20140828083402.0
008 060320s2006||||xxu|||||s|||||000 | eng d
040 _aPGUSA
_beng
042 _adc
050 4 _aDC
100 1 _aGaboriau, Emile,
_d1832-1873
245 1 0 _aLes cotillons célèbres :
_bDeuxième Série
_h[electronic resource] /
_cEmile Gaboriau
260 _bProject Gutenberg,
_c2006
506 _aPublic domain in the USA.
516 _aElectronic text
653 _aFrance -- Court and courtiers -- History
653 _aFrance -- Kings and rulers -- Paramours -- Biography
653 _aFavorites, Royal -- France -- Biography
830 0 _aProject Gutenberg
_v18027
856 4 0 _uhttp://www.gutenberg.org/ebooks/18027
942 _cEB
999 _c247282
_d247282